Statistics for Kacey Musgraves - "Deeper Well" Tracklist

Click here to take the quiz!

General Stats

  • This quiz has been taken 8 times
  • The average score is 10 of 14

Answer Stats

#Song% Correct
7Dinner with Friends
100%
13Anime Eyes
83%
1Cardinal
83%
2Deeper Well
83%
9Jade Green
83%
4Moving Out
83%
6Sway
83%
5Giver / Taker
67%
8Heart of the Woods
67%
11Lonely Millionaire
67%
10The Architect
67%
12Heaven Is
50%
14Nothing to be Scared Of
50%
3To Good to be True
33%

Score Distribution

Percentile by Number Answered

Percent of People with Each Score

Your Score History

You have not taken this quiz